00373nam a22001337a 450000500170000000800410001704100130005808200120007110000120008324500400009526000460013530000330018165000250021420240628122048.0240628b |||||||| |||| 00| 0 eng d aEnglish  a349 ANN lEnglish aAnnual Survey of South African Law  aCape Town: bJuta and Company Ltd, c1961 bxxxv, c469 pages; e25 cm.  aLegal practicebLaw